000 00678cam a2200193 4500500
005 20251012023113.0
041 _afre
042 _adc
100 1 0 _aC. Tognide, Matthieu
_eauthor
700 1 0 _a Gandaho, Prosper
_eauthor
700 1 0 _a Ezin-Houngbe, Josiane
_eauthor
700 1 0 _a Dossa, M.
_eauthor
700 1 0 _a Gualbert Ahyi, René
_eauthor
245 0 0 _aBesoins de prise en charge psychosociale des personnes vivant avec le VIH/SIDA à Cotonou (Bénin)
260 _c2005.
500 _a76
786 0 _nPsy Cause | º42 | 4 | 2005-12-01 | p. 36-39 | 1245-2394
856 4 1 _uhttps://shs.cairn.info/revue-psy-cause-2005-4-page-36?lang=fr&redirect-ssocas=7080
999 _c1541217
_d1541217